Normal view MARC view

Entry Personal Name

Number of records used in: 1

001 - CONTROL NUMBER

  • control field: 21592

003 - CONTROL NUMBER IDENTIFIER

  • control field: dpl

005 - DATE AND TIME OF LATEST TRANSACTION

  • control field: 20100925142705.0

008 - FIXED-LENGTH DATA ELEMENTS

  • fixed length control field: 100925|||a|||||| | ||| d

040 ## - CATALOGING SOURCE

  • Original cataloging agency: dpl
  • Transcribing agency: dpl

100 ## - HEADING--PERSONAL NAME

  • Personal name: भारतेन्दु हरिश्चन्द्र

670 ## - SOURCE DATA FOUND

  • Source citation: Work cat.: (dpl)34061: भारतेन्दु हरिश्चन्द्र, नीलदेवी /, 2009

670 ## - SOURCE DATA FOUND

  • Source citation: Work cat.: (dpl)34061: भारतेन्दु हरिश्चन्द्र, नीलदेवी /, 2009

© Delhi Public Library
Hit Counter
free hit counter